League Two 26/27 Logos - Statistics

General Stats
  • This quiz has been taken 2 times
  • The average score is 6 of 14
Answer Stats
Picture Answer % Correct
Bristol Rovers
100%
Gillingham
100%
Walsall
100%
Cheltenham
50%
Crewe
50%
Northampton
50%
Port Vale
50%
Rotherham
50%
Shrewsbury
50%
Accrington
0%
Colchester
0%
Fleetwood
0%
Oldham
0%
York City
0%
No matching quizzes found
Score Distribution
Percent of People with Each Score
Percentile by Number Answered
Your Score History
You have not taken this quiz